[Event "Joao Pessoa Cup 2nd"]
[White "Rodrigues, Tiago Huppes"]
[Black "Quirino, Joao Henrique C Pat"]
[Site "Joao Pessoa"]
[Round "1"]
[Result "1-0"]
[Date "2024.07.24"]
[WhiteElo "1800"]
[BlackElo "1800"]
[PlyCount "97"]
[EventDate "2024.07.24"]
[EventType "swiss"]
[EventRounds "7"]
[EventCountry "BRA"]
[SourceTitle "EXT 2025"]
[Source "ChessBase"]
[SourceDate "2024.10.14"]
[SourceVersion "1"]
[SourceVersionDate "2024.10.14"]
[SourceQuality "1"]

1. e4 e5 2. Nf3 Nc6 3. Bc4 Bc5 4. d4 Nxd4 5. Nxe5 Qe7 6. Bxf7+ Kf8 7. f4 d6 8. c3 dxe5 9. Bxg8 Kxg8 10. cxd4 Bxd4 11. Qc2 Bg4 12. Nc3 Rf8 13. Bd2 exf4 14. Qb3+ Be6 15. Qxb7 Qh4+ 16. Kd1 Qf2 17. Kc2 Be3 18. Rad1 Rd8 19. Nd5 Rxd5 20. exd5 Bf5+ 21. Kc1 Bxd2+ 22. Rxd2 Qc5+ 23. Kd1 Bg4+ 24. Re2 Qd4+ 25. Ke1 Qd3 26. Qb8+ Kf7 27. Qxc7+ Kg6 28. Qd6+ Kh5 29. Qe5+ Bf5 30. Kf2 Rc8 31. Qxf4 Rc4 32. Qe5 Qd4+ 33. Qxd4 Rxd4 34. Rhe1 Rxd5 35. h3 Kg5 36. Re5 Rxe5 37. Rxe5 Kf6 38. Ra5 Bb1 39. Rxa7 h5 40. a4 g6 41. b4 Ke5 42. Rc7 Kd6 43. Rc1 Be4 44. a5 Bc6 45. a6 g5 46. Rc5 Ba8 47. Rxg5 Kc6 48. Rxh5 Kb6 49. b5 1-0